000
00153nam a2200061Ia 4500
999
_c
10582
_d
10582
003
OSt
005
20230429055155.0
008
170523s9999 xx 000 0 und d
040
_c
IIMT UNIVERSITY MEERUT
100
_a
AHMAD NISAR
245
0
_a
MANAGEMENT ACCOUNTING
260
_a
NEW DELHI
_b
ANMOL
_c
1998
300
_a
471
942
_2
ddc
_c
02